100 Best Male Footballers 2025 - Statistics

General Stats
  • This quiz has been taken 21,876 times
  • The average score is 54 of 100
Answer Stats
# Club Player % Correct
4 Real Madrid Kylian Mbappé
96%
6 Man. City Erling Haaland
91%
51 Al-Nassr Cristiano Ronaldo
90%
34 Inter Miami Lionel Messi
90%
5 Bayern Munich Harry Kane
89%
9 Liverpool Mohamed Salah
89%
2 Barcelona Lamine Yamal
88%
1 PSG Ousmane Dembélé
88%
7 PSG Achraf Hakimi
82%
18 Real Madrid Jude Bellingham
78%
12 Chelsea Cole Palmer
76%
8 Barcelona Raphinha
76%
10 Barcelona Pedri
75%
22 Real Madrid Vinícius Júnior
75%
23 Liverpool Virgil van Dijk
75%
13 Man. City Gianluigi Donnarumma
74%
24 Barcelona Robert Lewandowski
74%
3 PSG Vitinha
74%
26 Arsenal Bukayo Saka
73%
15 Arsenal Declan Rice
71%
20 Inter Lautaro Martínez
71%
14 PSG Khvicha Kvaratskhelia
69%
19 Napoli Scott McTominay
68%
55 Man. United Bruno Fernandes
67%
78 Aston Villa Emiliano Martínez
67%
30 Real Madrid Thibaut Courtois
66%
31 Bayern Munich Luis Díaz
65%
11 PSG Nuno Mendes
65%
45 Arsenal Martin Ødegaard
64%
28 Arsenal Viktor Gyökeres
64%
37 Real Madrid Federico Valverde
62%
29 Arsenal Gabriel Magalhães
62%
21 Bayern Munich Michael Olise
62%
84 Man. City Rúben Dias
62%
35 Liverpool Alexis Mac Allister
61%
36 Liverpool Florian Wirtz
61%
48 Liverpool Alexander Isak
60%
25 Atlético Madrid Julián Álvarez
60%
33 Arsenal William Saliba
60%
38 Liverpool Dominik Szoboszlai
59%
73 Napoli Kevin De Bruyne
59%
16 PSG Désiré Doué
58%
46 Galatasaray Victor Osimhen
57%
17 PSG João Neves
56%
32 Chelsea Moisés Caicedo
56%
47 Chelsea Enzo Fernández
54%
60 Barcelona Frenkie de Jong
54%
71 Real Madrid Arda Güler
53%
50 Bayern Munich Joshua Kimmich
53%
74 Man. City Rodri
53%
49 Liverpool Alisson
51%
100 Atlético Madrid Antoine Griezmann
51%
61 Man. City Phil Foden
50%
27 PSG Fabián Ruiz
49%
42 PSG Marquinhos
49%
57 Athletic Bilbao Nico Williams
48%
39 Borussia Dortmund Serhou Guirassy
48%
72 Man. City Bernardo Silva
47%
52 Inter Hakan Çalhanoğlu
46%
64 Inter Yann Sommer
46%
75 Man. City Jérémy Doku
45%
94 Bayern Munich Manuel Neuer
45%
44 PSG Willian Pacho
45%
69 Newcastle Bruno Guimarães
44%
58 Arsenal David Raya
44%
40 Inter Denzel Dumfries
44%
93 Man. City Josko Gvardiol
44%
41 Liverpool Ryan Gravenberch
44%
53 PSG Bradley Barcola
43%
43 Bayern Munich Jamal Musiala
43%
91 Milan Rafael Leão
42%
98 Real Madrid Trent Alexander-Arnold
42%
77 Man. United Bryan Mbeumo
41%
89 Juventus Kenan Yildiz
41%
95 Marseille Mason Greenwood
41%
54 Inter Alessandro Bastoni
40%
67 Liverpool Hugo Ekitiké
40%
80 Barcelona Jules Koundé
40%
63 Chelsea Marc Cucurella
40%
62 Inter Nicolò Barella
40%
65 Inter Marcus Thuram
39%
90 Arsenal Mikel Merino
38%
97 Real Betis Antony
37%
76 Chelsea João Pedro
37%
70 Arsenal Martín Zubimendi
37%
82 Newcastle Nick Woltemade
37%
59 Chelsea Estêvão
36%
96 Tottenham Micky van de Ven
36%
85 Bayer Leverkusen Álex Grimaldo
35%
86 Como Nico Paz
35%
68 Barcelona Pau Cubarsí
33%
88 Man. City Antoine Semenyo
31%
99 Inter Federico Dimarco
30%
79 Man. City Tijjani Reijnders
29%
81 Real Sociedad Mikel Oyarzabal
27%
83 Napoli André-Frank Zambo Anguissa
24%
66 Barcelona Fermín López
23%
56 Arsenal Eberechi Eze
22%
92 Real Madrid Dean Huijsen
16%
87 Flamengo Giorgian de Arrascaeta
10%
No matching quizzes found
Score Distribution
Percent of People with Each Score
Percentile by Number Answered
Your Score History
You have not taken this quiz